000 00298nam a2200109Ia 4500
008 220204s9999 xx 000 0 und d
082 _a338.45(058)
_bSIR
245 0 _aSIRI directory of industries in India
250 _aEd.2
260 _aDelhi
_bSmall Industry Research Institute
_c1983
942 _cBK
999 _c38924
_d38924